Management of human resources : readings in personnel administration

Αποθηκεύτηκε σε:
Λεπτομέρειες βιβλιογραφικής εγγραφής
Άλλοι συγγραφείς: Pigors, Paul John William 1900- (Επιμελητής έκδοσης), Myers, Charles Andrew 1913- (Επιμελητής έκδοσης), Malm, F. T. (Επιμελητής έκδοσης)
Μορφή: Βιβλίο
Γλώσσα:English
Δημοσίευση: New York : McGraw-Hill, [1973]
Έκδοση:3rd ed.
Θέματα:
Ετικέτες: Προσθήκη ετικέτας
Δεν υπάρχουν, Καταχωρήστε ετικέτα πρώτοι!

MARC

LEADER 00000cam a2200000 i 4500
001 1/49171
008 960314s1973 eng d
020 |a 0070500037(pbk) 
035 |l 10026792 
040 |a GR-MY-UA  |b gre  |e aacr 
041 0 |a eng 
082 0 |a 658.3008 
245 1 0 |a Management of human resources :  |b readings in personnel administration /  |c [edited by] Paul Pigors, Charles A. Myers [and] F. T. Malm 
250 |a 3rd ed. 
260 |a New York :   |b McGraw-Hill,   |c [1973] 
300 |a xii, 589 σ;  |b εικ.;  |c 23 εκ. 
504 |a Περιλαμβάνει βιβλιογραφικές παραπομπές 
650 0 0 |a Personnel management. 
650 0 0 |a Speeches, addresses, etc. 
700 1 |a Pigors, Paul John William  |d 1900-  |4 edt 
700 1 |a Myers, Charles Andrew  |d 1913-  |4 edt 
700 1 |a Malm, F. T.  |4 edt 
852 |a INST  |b CHIOS  |e 19960314  |h 658.3008 PIG  |p 005200026377  |q 005200026377  |t BK  |y 0 
909 |a Χ  |b 000062